Pensando en Derechos Humanos : (Record no. 196191)

MARC details
000 -LEADER
campo de control de longitud fija 01481nam a2200337 i 4500
001 - NÚMERO DE CONTROL
campo de control 196191
003 - IDENTIFICADOR DE NÚMERO DE CONTROL
campo de control ES-MaACL
005 - FECHA Y HORA DE LA ÚLTIMA TRANSACCIÓN
campo de control 20250809052942.0
008 - DATOS DE LONGITUD FIJA--INFORMACIÓN GENERAL
campo de control de longitud fija 240817b2020 sp ||||| |||| 00| 0 spa d
017 ## - NÚMERO DE COPYRIGHT O DE DEPÓSITO LEGAL
Número de copyright o de depósito legal M 28328-2020
020 ## - NÚMERO INTERNACIONAL ESTÁNDAR DEL LIBRO
Número Internacional Estándar del Libro 9788494852862
040 ## - FUENTE DE CATALOGACIÓN
Centro/agencia transcriptor ES-MaACL
100 ## - ENTRADA PRINCIPAL--NOMBRE DE PERSONA
Nombre de persona Cassese, Antonio
9 (RLIN) 238447
Término indicativo de función/relación Autor
245 ## - MENCIÓN DEL TÍTULO
Título Pensando en Derechos Humanos :
Resto del título Reflexiones desde el Derecho Internacional
Mención de responsabilidad, etc. edición y traducción Joaquín González Ibáñez ; prólogo de la edición española Eduardo B. Toledo ; prólogo de la edición italiana original Giorgio Acquaviva ; presentación Fabián Salvioli, Joaquín González Ibáñez.
260 ## - PUBLICACIÓN, DISTRIBUCIÓN, ETC.
Lugar de publicación, distribución, etc. España :
Nombre del editor, distribuidor, etc. Berg Institute,
Fecha de publicación, distribución, etc. 2021.
300 ## - DESCRIPCIÓN FÍSICA
Extensión 354 pág. :
Dimensiones 24 cm.
336 ## - TIPO DE CONTENIDO
Fuente rdacontent
Término de tipo de contenido Texto
337 ## - TIPO DE MEDIO
Fuente rdamedia
Nombre/término del tipo de medio sin mediación
338 ## - TIPO DE SOPORTE
Fuente rdacarrier
Nombre/término del tipo de soporte volumen
490 1# - MENCIÓN DE SERIE
Mención de serie Biblioteca literatura y derechos humanos ;
Designación de volumen o secuencia 8
700 ## - ENTRADA AGREGADA--NOMBRE PERSONAL
9 (RLIN) 238427
Nombre de persona González Ibáñez, Joaquín,
Fechas asociadas al nombre 1970-
Término indicativo de función/relación Traductor
700 ## - ENTRADA AGREGADA--NOMBRE PERSONAL
Nombre de persona Toledo, Eduardo B.
Término indicativo de función/relación Autor de introducción
9 (RLIN) 240250
700 ## - ENTRADA AGREGADA--NOMBRE PERSONAL
Nombre de persona Acquaviva, Giorgio
Término indicativo de función/relación Autor de introducción
9 (RLIN) 240251
700 ## - ENTRADA AGREGADA--NOMBRE PERSONAL
Nombre de persona Salvioli, Fabián
Término indicativo de función/relación Autor de introducción
9 (RLIN) 240252
830 #0 - PUNTO DE ACCESO ADICIONAL DE SERIE-TÍTULO UNIFORME
Título uniforme Biblioteca literatura y derechos humanos
Designación de volumen o secuencia 8
9 (RLIN) 238888
852 ## - LOCALIZACIÓN
Ubicación ES-MaACL
Sublocalización o colección R.154539
Ubicación en estantería Depósito J
Número de control de estantería N-9266
Donativo/Legado Donación: Editorial
Encuadernación Encuadernación cartoné
itemnumber 205280
942 ## - ELEMENTOS DE ENTRADA SECUNDARIOS (KOHA)
Tipo de ítem Koha Libro impreso
Suprimir en OPAC No
Holdings
Estatus retirado Estado de pérdida Fuente del sistema de clasificación o colocación Estado de daño No para préstamo Biblioteca de origen Biblioteca actual Ubicación en estantería Fecha de adquisición Fuente de adquisición Total de préstamos Signatura topográfica completa Código de barras Visto por última vez Precio de reemplazo Tipo de ítem Koha
    Clasificación decimal universal     Biblioteca del Ateneo de Madrid Biblioteca del Ateneo de Madrid Depósito J 08/05/2025 Donación   N-9266 101229992 08/05/2025 08/05/2025 Libro impreso